Savaş ve modernleşme (Record no. 15309)
[ view plain ]
| 000 -BAŞLIK | |
|---|---|
| Sabit Uzunlukta Kontrol Alanı | 00930nam a22002657a 4500 |
| 999 ## - SİSTEM KONTROL NUMARALARI (KOHA) | |
| Koha Biblionumber | 15309 |
| Koha Biblioitemnumber | 15309 |
| 003 - KONTROL NUMARASI IDENTIFIER | |
| Denetim Alanı | MIRAKIL |
| 005 - SON İŞLEM TARİHİ VE ZAMANI | |
| Denetim Alanı | 20240207120558.0 |
| 008 - SABİT-BOY VERİ ELEMANLARI - GENEL BİLGİLER | |
| Sabit Uzunlukta Kontrol Alanı | 240207b tu ||||| |||| 00| 0 tur d |
| 020 ## - ULUSLARARASI STANDART KİTAP NUMARASI | |
| Uluslararası Standart Kitap Numarası | 9786052547984 |
| 040 ## - KATALOGLAMA KAYNAK | |
| Orijinal Kataloglama Ajansı | TR-AnCHP |
| Metne Dönüştürmek Ajansı | TR-AnCHP |
| 041 ## - DİL KODU | |
| Metin / Ses Parça Veya Ayrı Başlığın Dil Kodu | Türkçe |
| 082 ## - DEWEY ONLU SINIFLANDIRMA NUMARASI | |
| Sınıflandırma Numarası | 304.6 |
| Ürün Numarası | Y91S 2023 |
| 100 ## - ANA GİRİŞ - KİŞİSEL İSİM | |
| Kişisel Ad | Yüca, Şafak |
| 245 10 - BAŞLIK TABLOSU | |
| Başlık | Savaş ve modernleşme |
| Başlığın Kalan | Osmanlı Devleti'nde göç yönetiminin değişimi / |
| Sorumluluk Tablosu, Vb | Şafak Yüca |
| 250 ## - EDITION TABLOSU | |
| Baskı Beyanı | 1. bs. |
| 260 ## - YAYIN, DAĞITIM, VB | |
| Yayın, Dağıtım, Vb Yeri | Ankara |
| Yayıncı, Dağıtıcı, Vs Adı | Detay Yayınları |
| Yayın, Dağıtım, Vb Tarihi | 2023 |
| 300 ## - FİZİKSEL TANIM | |
| Kapsam | vi, 162 s. |
| Boyutlar | 24 cm. |
| 490 0# - SERİSİ TABLOSU | |
| Seri Beyanı | Detay yayınları |
| Hacim / Ardışık Tanımı | 1721 |
| 504 ## - KAYNAKÇA VB NOT | |
| Kaynakça Vb Notu | Kaynakça vardır.<br/> |
| 650 #0 - KONU KATMA GİRİŞ - TOPİKAL DÖNEM | |
| 9 (RLIN) | 5967 |
| Topikal Süreli Veya Coğrafi Ad Giriş Elemanı | Göç hareketleri |
| 650 #0 - KONU KATMA GİRİŞ - TOPİKAL DÖNEM | |
| 9 (RLIN) | 710 |
| Topikal Süreli Veya Coğrafi Ad Giriş Elemanı | Osmanlı İmparatorluğu |
| Genel Alt Bölümü | Tarih |
| Coğrafi Alt Bölümü | Kurumsal göç hareketleri |
| 650 #0 - KONU KATMA GİRİŞ - TOPİKAL DÖNEM | |
| 9 (RLIN) | 712 |
| Topikal Süreli Veya Coğrafi Ad Giriş Elemanı | Osmanlı İmparatorluğu |
| Genel Alt Bölümü | Toplumsal yaşamTarih |
| Coğrafi Alt Bölümü | Göç yönetimi |
| 856 ## - ELEKTRONİK YER VE ERİŞİM | |
| Kamu Notu | Dijital Nüshası için Partimizin Kütüphane Sorumlusu ile iletişime geçiniz. |
| 942 ## - EKLENDİ GİRİŞ ELEMANLARI (KOHA) | |
| Sınıflandırma Veya Raf Düzeni Kaynak | Dewey Decimal Classification |
| Koha Öğesi Türü | Books |
| Kalıcı Konum | Mevcut Konum | Edinme Tarihi | Toplam Check-Out'Lar | Tam Çağrı Numarası | Barkod | Tarih Son Görülme | İtibaren Geçerli Fiyatlar | Koha Öğesi Türü |
|---|---|---|---|---|---|---|---|---|
| CHP Kütüphanesi | CHP Kütüphanesi | 02/07/2024 | 304.6 Y91S 2023 | 20898 | 02/07/2024 | 02/07/2024 | Books |
